000 00602nam a2200217Ia 4500
003 GCL
008 140319s9999 xx 000 0 eng d
040 _aGCL /
_cGCL
082 0 4 _a723.3
_bB C
100 1 _aMICHAUD, SABRINA
245 1 0 _aCOLOUR AND SYMBOLISM IN ISLAMIC ARCHITECTURE: EIGHT CENTURIES OF THE TILE MAKER'S ART /
_cMICHAUD, SABRINA
700 1 _aBARRY, MICHAEL
700 1 _aMICHAUD, ROLAND
260 _a[S.N] :
_bTHAMES AND HUDSON ،
_c1996
300 _a315 P
650 0 4 _aشيعة
650 0 4 _aARTS
650 0 4 _aARCHITECTURE
650 0 4 _aISLAM - ARTS
942 _2ddc
_cBK
999 _c14006
_d14006